00293nam a2200121Ia 4500008004100000041001200041082001600053100001700069245005600086260000900142300000800151650001200159221030s9999 xx 000 0 und d aEnglish a105.23bJay aI. Jayakaran 0aEveryone`s Guide To English Grammar- A New Approach c1999 a415 aEnglish